|
|
|
|
| LEADER |
01691nam a2200313 a 4500 |
| 001 |
28906 |
| 003 |
BD-DhAAL |
| 005 |
20230207145600.0 |
| 008 |
150225s2003 bg 000 1 ben d |
| 020 |
|
|
|a 9848139613
|
| 020 |
|
|
|a 9789848139615
|
| 040 |
|
|
|a BD-DhAAL
|c BD-DhAAL
|
| 041 |
|
|
|a ben
|
| 082 |
0 |
0 |
|a 891.44
|2 23
|
| 100 |
2 |
|
|a গঙ্গোপাধ্যায়, সুনীল
|9 8779
|
| 245 |
0 |
0 |
|a প্রথম আলো :
|n দ্বিতীয় পর্ব /
|c সুনীল গঙ্গোপাধ্যায়.
|
| 260 |
|
|
|a ঢাকা :
|b জ্যোৎস্না পাবলিশার্স,
|c ২০০৩ [দ্বিতীয় সংস্করণ ২০১৬].
|
| 300 |
|
|
|a ৭৭৫ পৃষ্ঠা ;
|c ২৩ সে.মি.
|
| 362 |
|
|
|a Vol. 2
|
| 526 |
|
|
|a GenEd
|
| 541 |
1 |
|
|a Development Book Agency
|e 28906, 40724, 40725
|
| 650 |
|
0 |
|a Bengali fiction.
|9 6008
|
| 650 |
|
0 |
|a Bengali literature.
|
| 852 |
4 |
|
|a Ayesha Abed Library
|c General Stacks
|
| 942 |
|
|
|2 ddc
|c BK
|
| 999 |
|
|
|c 33792
|d 33792
|
| 952 |
|
|
|0 0
|1 0
|2 ddc
|4 0
|6 891_440000000000000_GAN
|7 0
|9 52773
|a BRACUL
|b BRACUL
|c GEN
|d 2015-02-25
|e BRAC Institute of Language (BIL)
|l 4
|m 23
|o 891.44 GAN
|p 3010028906
|r 2024-02-25
|s 2024-02-19
|t 1
|w 2015-02-25
|y BK
|x Transferred from BIL to BRACUL on 06/06/22
|
| 952 |
|
|
|0 0
|1 0
|2 ddc
|4 0
|6 891_440000000000000_GAN
|7 0
|9 72888
|a SCL
|b SCL
|c GEN
|d 2023-01-15
|e Development Book Agency
|g 765.00
|l 2
|m 2
|o 891.44 GAN
|p 3020040724
|r 2024-06-09
|s 2024-06-02
|t 2
|v 765.00
|w 2023-01-15
|y BK
|
| 952 |
|
|
|0 0
|1 0
|2 ddc
|4 0
|6 891_440000000000000_GAN
|7 0
|9 72889
|a SCL
|b SCL
|c GEN
|d 2023-01-15
|e Development Book Agency
|g 765.00
|l 1
|m 2
|o 891.44 GAN
|p 3020040725
|r 2026-01-15
|s 2023-06-21
|t 3
|v 765.00
|w 2023-01-15
|y BK
|